000 01091nam a22002415i 4500
001 162027
003 ES-MaACL
005 20250809040757.0
008 991022s1821 sp |||| | spa d
040 _aM-RAJU
_bspa
_cM-RAJU
_dCCPB | B
100 1 _aPhillips, Richard.
_9131115
245 1 0 _aDe las facultades y obligaciones de los jurados /
_cescrito en ingles por Sir Richard Phillips ; traducido en frances por Mr. Comte ; puesto en castellano, y aumentado con la parte legislativa que sobre jurados está en práctica en Francia y en los Estados-Unidos de la América septentrional por Antonio Ortiz de Zarate y Herrera ...
260 _aMadrid :
_b[s.n.],
_c1821 (
_fImprenta de I. Sancha)
300 _aCXLV, 462 p. ;
_c20 cm.
650 4 _aJurado-
_zEspaña.
_9168369
650 7 _aDerecho procesal
_2embne
_9135900
700 0 _aComte, Charles.
_940058
700 1 _aOrtiz de Zárate y Herrera, Antonio.
_9130719
852 _aES-MaACL
_jG-8997
_z-- Enc. hol.
852 _aES-MaACL
_jD-1019
_z-- Enc. pasta española
999 _c162027
_d162027